Overovanie predpokladu normality
Využívanie grafických metód a štatistických testov na overenie normality. Rozdiely medzi grafickými metódami a štatistickými testami. Prípady pri overovaní normality. Kritické hodnoty štatistík pre testy normality.
Salvato in:
| Autore principale: | |
|---|---|
| Altri autori: | |
| Natura: | Capitolo di libro |
| Lingua: | slovacco |
| Soggetti: | |
| Tags: |
Nessun Tag, puoi essere il primo ad aggiungerne!!
|
MARC
| LEADER | 00000naa$a2200000$$$4500 | ||
|---|---|---|---|
| 001 | 0068127 | ||
| 005 | 20240502071824.0 | ||
| 041 | 0 | |a slo | |
| 044 | |a SK | ||
| 245 | 1 | 0 | |a Overovanie predpokladu normality |c Erik Šoltés, Tatiana Šoltésová |
| 520 | |a Využívanie grafických metód a štatistických testov na overenie normality. Rozdiely medzi grafickými metódami a štatistickými testami. Prípady pri overovaní normality. Kritické hodnoty štatistík pre testy normality. | ||
| 610 | 2 | 0 | |a metódy štatistické |
| 610 | 2 | 0 | |a výskum štatistický |
| 610 | 2 | 0 | |a súbory štatistické |
| 610 | 2 | 0 | |a testy |
| 100 | 1 | |a Šoltés, Erik, 1974- | |
| 700 | 1 | |a Šoltésová, Tatiana, 1975- | |